Random Avengers by Picture - Statistics

General Stats
  • This quiz has been taken 62 times
  • The average score is 6 of 16
Answer Stats
Picture Answer % Correct
Beast
100%
Black Panther
100%
Black Widow
100%
Captain America
100%
Captain Marvel
100%
Daredevil
100%
Deadpool
100%
Falcon
100%
Hawkeye
100%
Sandman
100%
Shang-Chi
100%
Thor
100%
War Machine
100%
Spider-Man
89%
Wolverine
88%
Ghost Rider
86%
Spider-Woman
86%
Vision
86%
Human Torch
83%
Iron Fist
83%
Mantis
83%
Quicksilver
83%
Red Hulk
83%
She-Hulk
80%
Doctor Strange
78%
Scarlet Witch
78%
Iron Man
75%
Swordsman
75%
Wasp
75%
Winter Soldier
71%
Nova
70%
Agent Venom
67%
Ant-Man
67%
Hulk
67%
Moon Knight
67%
Starfox
67%
Power Man
63%
Storm
63%
Darkhawk
60%
Hercules
60%
Power Woman
60%
Gwenpool
57%
Invisible Woman
57%
Sunfire
57%
Ms. Marvel
56%
Ares
50%
Cable
50%
Elektra
50%
Firebird
50%
Iron Patriot
50%
Mister Fantastic
50%
Namor
50%
Sabretooth
50%
Thing
50%
U.S. Agent
50%
Sentry
43%
Quake
40%
Rogue
40%
Squirrel Girl
40%
Black Knight
38%
Brother Voodoo
38%
Flatman
38%
Punisher
38%
Big Bertha
33%
Crystal
33%
Doombot
33%
Havok
33%
Mockingbird
33%
Speed
33%
Psylocke
30%
Sister Grimm
29%
Wiccan
29%
Blue Marvel
25%
Captain Universe
25%
Dazzler
25%
Firestar
25%
Hazmat
25%
Hellcat
25%
Medusa
25%
Miss America
25%
Red Wolf
25%
Ultron
25%
White Tiger
25%
Captain Britain
22%
Songbird
20%
Valkyrie
20%
Agent 13
18%
Moondragon
17%
Ronin
17%
Tigra
17%
Two-Gun Kid
17%
Doctor Druid
14%
Hyperion
14%
Kid Omega
14%
Living Lightning
13%
Nighthawk
13%
Voyager
11%
Triathlon
9%
Abyss
0%
Alexis the Protector
0%
Alloy
0%
Amadeus Cho
0%
Avenger X
0%
Blue Bolt
0%
Cannonball
0%
Conan the Barbarian
0%
Demolition Man
0%
Doorman
0%
Echo
0%
Ex Nihilo
0%
Fuse
0%
Hulkling
0%
Impossible City
0%
Jack of Hearts
0%
Jocasta
0%
Justice
0%
Kaluu
0%
Lightspeed
0%
Machine Man
0%
Manifold
0%
Mister Immortal
0%
Nightmask
0%
Nightshade
0%
Night Thrasher
0%
Penance
0%
Pod
0%
Protector
0%
Quasar
0%
Rage
0%
Sersi
0%
Silverclaw
0%
Singularity
0%
Smasher
0%
Star Brand
0%
Stature
0%
Stingray
0%
Sunspot
0%
Synapse
0%
The Forgotten One
0%
Thunderstrike
0%
Validator
0%
Victor Mancha
0%
Wonder Man
0%
No matching quizzes found
Score Distribution
Percent of People with Each Score
Percentile by Number Answered
Your Score History
You have not taken this quiz